<?xml version="1.0" encoding="UTF-8"?>
<record
    xmlns:xsi="http://www.w3.org/2001/XMLSchema-instance"
    xsi:schemaLocation="http://www.loc.gov/MARC21/slim http://www.loc.gov/standards/marcxml/schema/MARC21slim.xsd"
    xmlns="http://www.loc.gov/MARC21/slim">

  <leader>01551nam a2200265 a 4500</leader>
  <controlfield tag="001">BRCA_8483</controlfield>
  <controlfield tag="005">20190320210313.0</controlfield>
  <controlfield tag="008">180316s1752----sp-#######---#000-0#spa-#</controlfield>
  <datafield tag="041" ind1=" " ind2=" ">
    <subfield code="a">spa</subfield>
  </datafield>
  <datafield tag="044" ind1=" " ind2=" ">
    <subfield code="a">sp</subfield>
  </datafield>
  <datafield tag="084" ind1=" " ind2=" ">
    <subfield code="a">DOC7</subfield>
    <subfield code="b">.E57</subfield>
    <subfield code="c">1752</subfield>
  </datafield>
  <datafield tag="245" ind1="1" ind2="0">
    <subfield code="a">D. Enrique de Martos y Navarrete, alcayde perpetuo de la Casa Real, y Fuerte</subfield>
    <subfield code="c">Juan Mu&#xF1;oz, Enrique de Martos y Navarrete.</subfield>
  </datafield>
  <datafield tag="260" ind1=" " ind2=" ">
    <subfield code="a">Granada, Espa&#xF1;a</subfield>
    <subfield code="c">1752</subfield>
  </datafield>
  <datafield tag="300" ind1=" " ind2=" ">
    <subfield code="a">[1] foja</subfield>
    <subfield code="c">30 x 20 cm.</subfield>
  </datafield>
  <datafield tag="500" ind1=" " ind2=" ">
    <subfield code="a">Documento expedido el 8 de agosto de 1752</subfield>
  </datafield>
  <datafield tag="500" ind1=" " ind2=" ">
    <subfield code="a">Estado de conservaci&#xF3;n: contiene dobleces y esta rota</subfield>
  </datafield>
  <datafield tag="505" ind1="0" ind2=" ">
    <subfield code="a">D. Enrique de Martos y Navarrete, alcayde perpetuo de la Casa Real, y Fuerte, con la denominacion desde tiempo de Moros de la Casa Real de las Gallinas, sus Terrazgos, Dehesas, y Jurisdiccion, Extramuros de la Ciudad de Granada, y Subdelegado de Marina en esta Puebla, y su partido, uno de los cinco que componen la provincia de Malaga. Por la presente concedo licencia, y seguro passaporte a Juan Mu&#xF1;oz delineador y maestro de carpintero de Rivera de la Real Maestranza para G. parte de la Ciudad de Granada a dependencias propias</subfield>
  </datafield>
  <datafield tag="506" ind1="0" ind2=" ">
    <subfield code="a">Fondo reservado: para su consulta es necesario credencial de usuario y carta de motivos.</subfield>
  </datafield>
  <datafield tag="546" ind1=" " ind2=" ">
    <subfield code="a">Texto en: espa&#xF1;ol de finales del siglo XIX</subfield>
  </datafield>
  <datafield tag="600" ind1="1" ind2="4">
    <subfield code="a">Martos y Navarrete, Enrique de</subfield>
    <subfield code="c">Alcayde Perpetuo de la Casa Real</subfield>
    <subfield code="9">21261</subfield>
  </datafield>
  <datafield tag="600" ind1="1" ind2="4">
    <subfield code="a">Juan, Mu&#xF1;oz</subfield>
    <subfield code="c">Delineador y Maestro de Carpintero de Rivera</subfield>
    <subfield code="9">21262</subfield>
  </datafield>
  <datafield tag="650" ind1="1" ind2="4">
    <subfield code="a">Documentos legales</subfield>
    <subfield code="z">Espa&#xF1;a</subfield>
    <subfield code="9">12614</subfield>
  </datafield>
  <datafield tag="902" ind1=" " ind2=" ">
    <subfield code="a">DDH</subfield>
  </datafield>
  <datafield tag="942" ind1=" " ind2=" ">
    <subfield code="2">lcc</subfield>
    <subfield code="c">D</subfield>
  </datafield>
  <datafield tag="999" ind1=" " ind2=" ">
    <subfield code="c">8150</subfield>
    <subfield code="d">8150</subfield>
  </datafield>
  <datafield tag="952" ind1=" " ind2=" ">
    <subfield code="0">0</subfield>
    <subfield code="1">0</subfield>
    <subfield code="4">0</subfield>
    <subfield code="7">0</subfield>
    <subfield code="a">BRCA</subfield>
    <subfield code="b">BRCA</subfield>
    <subfield code="d">2016-03-18</subfield>
    <subfield code="l">0</subfield>
    <subfield code="o">DOC7 .E57 1752</subfield>
    <subfield code="p">9154</subfield>
    <subfield code="r">2019-03-22 00:00:00</subfield>
    <subfield code="w">2019-03-22</subfield>
    <subfield code="y">D</subfield>
  </datafield>
</record>
